000
00316nam a2200121Ia 4500
008
211105s9999 xx 000 0 und d
020
_a
VYASA13234
100
_a
Achar S. T.
245
0
_a
Text Book Of Pediatrics In Developing Tropical Pediatrics
250
_a
\N
260
_b
Orient Longman Ltd
_c
\N
300
_a
1152p.
999
_c
4007
_d
4007